000 00516nam a22001697a 4500
003 URS
005 20220114171650.0
008 170328b xxu||||| |||| 00| 0 eng d
020 _a0201306530
050 _aQA76.73
_bC153.S29 1995
100 _aSavitch, Walter J.
_4author
245 _aProblem solving with C++ :
_bthe object of programming
_cWalter J. Savitch
260 _aMenlo Park, CA
_bAddison-Wesley Publishing,
_c1995
300 _axxxi, 807 pages;
_c24 cm.
504 _aIncludes index.
942 _cFR
_2lcc
999 _c14440
_d14440